000 00644nam a2200253Ia 4500
003 OSt
005 20220918174335.0
006 a|||||r|||| 00| 0
007 ta
008 220917b |||||||| |||| 00| 0 eng d
024 _a11,666
037 _cTextual
040 _aARTS
_cARTS
_beng
041 _2eng
_aeng
082 _a/\:36, M3
100 _aIyengar Geeta S.
_950041
245 0 _aYoga
_b A gem for women
260 _aNew Delhi
_bAllied Pub
_c1983
300 _axv,308p
_ccm.
500 _aIncludes index
650 _aSPIRITUALISM
942 _h/\:36, M3
_cTEXL
_2CC
999 _c152754
_d152754